Normal view MARC view

Entry Personal Name

Number of records used in: 1

001 - CONTROL NUMBER

  • control field: 813760

003 - CONTROL NUMBER IDENTIFIER

  • control field: OSt

005 - DATE AND TIME OF LATEST TRANSACTION

  • control field: 20250623115929.0

008 - FIXED-LENGTH DATA ELEMENTS

  • fixed length control field: 250623|| aca||aabn | a|a d

040 ## - CATALOGING SOURCE

  • Original cataloging agency: OSt
  • Transcribing agency: OSt

100 ## - HEADING--PERSONAL NAME

  • Personal name: Hughes,Tim; Mills, Greg; Vaahtoranta,Tapani

670 ## - SOURCE DATA FOUND

  • Source citation: Work cat.: (OSt)1432226: Gibb, Richard. 813759, Charting a new Course:Globalisation,African Recovery and the New Africa Initiative, 2002
Copyright @ Delhi University Library System